|
|
|
|
| LEADER |
00000cam a2200000 7i4500 |
| 001 |
0000000363 |
| 005 |
20000807.0 |
| 020 |
0 |
0 |
|a 9676530255
|
| 090 |
0 |
0 |
|a 363.7020959
|b SOU 1993
|
| 245 |
0 |
0 |
|a SOUTH-East Asia's environmental future :
|b The search for sustainability
|c edited by Harold Brookfield and Yvonne Byron
|
| 260 |
0 |
0 |
|a Tokyo :
|b United Nations University Press ,
|c 1993
|
| 300 |
|
|
|a xxxi, 422 p. :
|b ill., maps ;
|c 24 cm.
|
| 500 |
0 |
0 |
|a Bibliography: [p. 374-411] and index
|
| 650 |
0 |
0 |
|a Conservation of natural resources
|z Asia, Southeastern
|
| 650 |
0 |
0 |
|a Environmental protection
|z Asia, Southeastern
|
| 651 |
0 |
0 |
|a Asia, Southeastern
|x Environmental conditions
|
| 700 |
0 |
1 |
|a Brookfield
|h Harold
|
| 700 |
0 |
1 |
|a Byron
|h Yvonne ,
|c 1950-
|
| 999 |
|
|
|a 0000000588
|b Monograph
|c Open Shelf
|e Default branch
|